Culture Générale - Série 1581 - Statistiques

Statistiques générales
  • Ce quiz a été pris 147 fois
  • Le résultat moyen est 5 sur 10
Statistiques - réponses
Question Réponse % Correct
De quelle ville de la Loire-Atlantique, les Nazairiens sont-ils les habitants ? Saint-Nazaire
94%
Dans les albums de "Lucky Luke", lequel des frères Dalton est le plus petit et le plus méchant ? Joe
88%
Qui "guide le peuple", d'après le titre d'une toile d'Eugène Delacroix ? la Liberté
88%
Depuis juin 2009, quel type de passeport a officiellement succédé au passeport électronique en France ? passeport biométrique
58%
En danois, Groenland signifie "Terre... verte
55%
Dans la phrase suivante, conjuguez le verbe "pouvoir" à l'imparfait du subjonctif : "Encore eut-il fallu que vous le... pussiez
45%
Quel dessinateur de bandes dessinées wallon, décédé en 1992, est le créateur de "Johan et Pirlouit" ? Peyo
36%
Quel synonyme de "broutille" est également le nom du parc, situé à l'intérieur du bois de Boulogne, qui possède une roseraie à la renommée internationale ? Bagatelle
22%
Le roman de Jacques Perret sur ses tentatives d'évasion durant la Seconde Guerre mondiale, publié en 1947, s'appelle "Le Caporal... Épinglé
21%
Quel écrivain français du XXe siècle est l'auteur des romans "La Voie royale" et "Les Conquérants" ? André Malraux
14%
Aucun quiz correspondant
Distribution des résultats
% des personnes avec chaque résultat
Percentile par nombre de réponses
Votre historique - résultats
Vous n’avez pas pris ce quiz